000 00955nam a22002897a 4500
001 9961
003 FISKH
005 20260319140028.0
008 260319b cb ||||| |||| 00| 0 eng d
020 _a9780439275989
040 _aFISKH
_beng
_cFISKH
_dFISKH
050 _aPZ7 .S6318 .H
082 _a823.914
100 _aSlepian, Jan
_eAuthor
245 _aThe hungry thing /
_cby Jan Slepian and Ann Seidler ; pictures by Richard E. Martin
260 _aNew York :
_bScholastic ,
_c1967
300 _a30 pages :
_bcolor illustrations ;
_c23 cm
505 _aJ
520 _aThe Hungry Thing comes to town and asks for tickles and feetloaf and other interesting things to eat while the townspeople try to figure out what he means.
521 8 _a430
_bLexile
521 8 _aJ
_bRaz-Plus
650 _aEating
_vFantasy
650 _aFiction
_vFood
700 _aMartin, Richard E.
_eIllustrator
942 _2ddc
_cBK
_n0
999 _c9961
_d9961